1333 1209 1474 1901 1049 1888 1501 1851 1311 1050 1422 1447 1344 1651 1612 1172 1304 1065 1986 1032 1807 1190 1160 1461 1102 1422 1124 1081 1154 1875 1509 1712 1429 1593 1744 1450 1546 1859 1681 1176 1833 1309 1467 1426 1123 1388 1347 1447 1877 1191 1665 1171 1283 1916 1350 1748 1690 1140 1448 1779 1867 1204 1266 1991 1690 1764 1824 1564 1965 1071 1572 1498 1877 1420 1204 1896 1366 1284 1751 1776 1456 1795 1474 1387 1839 1754 1278 1674 1891 1478 1292 1165 1473 1291 1724 1664 1606 1460 1817 BCNSPRNW ULIB Ver.6.0+V

เปลี่ยนเป็นภาษาไทย

Change to English
 แสดงรายละเอียดบรรณานุกรม
  กลับหน้าหลัก

Brief Record : Get Marc (ISO 2709) : E-mail record : QR code < ปิดหน้าต่าง
LEADER : 00000nam 2200000uu 4500
001    13399126162
003     ULIB
008    180618s2560||||th 000 0 tha d
020    ^a9786160430727
050    ^aPE1128^bล982ภ
100    ^aไลฟ์เอบีซี
245    ^aภาษาอังกฤษเพื่อการพยาบาล(ชุดภาษาสำหรับมืออาชีพ)
250    ^aพิมพ์ครั้งที่ 2
260    ^aกรุงเทพฯ :^bอินสปายร์,^c2560
300    ^a272 หน้า;^b26 ซม.
650    ^aภาษอังกฤษ--การใช้ภาษา
945    ^p195^l0^i26263
945    ^p195^l0^i26264
945    ^p195^l0^i26265
945    ^p195^l0^i26266
945    ^p195^l0^i26267
945    ^p195^l0^i26268
945    ^p195^l0^i26269
945    ^p195^l0^i26270
945    ^p195^l0^i26271
945    ^p195^l0^i26272
999    ^aกัณชพร จุลอักษร
รายการนี้ยังไม่มีแท็ก
คุณยังไม่ได้ล็อกอิน คุณสามารถมีกิจกรรมร่วมกับเว็บไซต์ได้ แต่ต้องล็อกอินก่อน ::
  ล็อกอิน

รายการสื่อสารสนเทศ

ลำดับที่ ประเภท เลขเรียก/บาร์โค้ด สถานที่ สถานะ
1. หนังสือสำรอง
หนังสือสำรอง
PE1128 ล982ภ ฉ.1 
  Barcode: 26263
ห้องสมุดวิทยาเขตนครสวรรค์
►หนังสือทั่วไป:l:General Books
บนชั้น
2. วิทยาศาสตร์การแพทย์ และสุขภาพ
วิทยาศาสตร์การแพทย์ และสุขภาพ
PE1128 ล982ภ ฉ.10 
  Barcode: 26272
ห้องสมุดวิทยาเขตนครสวรรค์
►หนังสือทั่วไป:l:General Books
บนชั้น
3. วิทยาศาสตร์การแพทย์ และสุขภาพ
วิทยาศาสตร์การแพทย์ และสุขภาพ
PE1128 ล982ภ ฉ.2 
  Barcode: 26264
ห้องสมุดวิทยาเขตนครสวรรค์
►หนังสือทั่วไป:l:General Books
บนชั้น
4. วิทยาศาสตร์การแพทย์ และสุขภาพ
วิทยาศาสตร์การแพทย์ และสุขภาพ
PE1128 ล982ภ ฉ.3 
  Barcode: 26265
ห้องสมุดวิทยาเขตนครสวรรค์
►หนังสือทั่วไป:l:General Books
บนชั้น
5. วิทยาศาสตร์การแพทย์ และสุขภาพ
วิทยาศาสตร์การแพทย์ และสุขภาพ
PE1128 ล982ภ ฉ.4 
  Barcode: 26266
ห้องสมุดวิทยาเขตนครสวรรค์
►หนังสือทั่วไป:l:General Books
ถูกยืม กำหนดส่งวันที่ 15 พฤษภาคม 2569
  จอง
6. วิทยาศาสตร์การแพทย์ และสุขภาพ
วิทยาศาสตร์การแพทย์ และสุขภาพ
PE1128 ล982ภ ฉ.5 
  Barcode: 26267
ห้องสมุดวิทยาเขตนครสวรรค์
►หนังสือทั่วไป:l:General Books
บนชั้น
7. วิทยาศาสตร์การแพทย์ และสุขภาพ
วิทยาศาสตร์การแพทย์ และสุขภาพ
PE1128 ล982ภ ฉ.6 
  Barcode: 26268
ห้องสมุดวิทยาเขตนครสวรรค์
►หนังสือทั่วไป:l:General Books
บนชั้น
8. วิทยาศาสตร์การแพทย์ และสุขภาพ
วิทยาศาสตร์การแพทย์ และสุขภาพ
PE1128 ล982ภ ฉ.7 
  Barcode: 26269
ห้องสมุดวิทยาเขตนครสวรรค์
►หนังสือทั่วไป:l:General Books
บนชั้น
9. วิทยาศาสตร์การแพทย์ และสุขภาพ
วิทยาศาสตร์การแพทย์ และสุขภาพ
PE1128 ล982ภ ฉ.8 
  Barcode: 26270
ห้องสมุดวิทยาเขตนครสวรรค์
►หนังสือทั่วไป:l:General Books
ถูกยืม กำหนดส่งวันที่ 15 มิถุนายน 2568
  จอง
10. วิทยาศาสตร์การแพทย์ และสุขภาพ
วิทยาศาสตร์การแพทย์ และสุขภาพ
PE1128 ล982ภ ฉ.9 
  Barcode: 26271
ห้องสมุดวิทยาเขตนครสวรรค์
►หนังสือทั่วไป:l:General Books
บนชั้น

รายการใกล้เคียง
    ชื่อเรื่อง [ภาษาอังกฤษเพื่อการพยาบาล(ชุดภาษาสำหรับมืออาชีพ)]

    ผู้แต่ง [ไลฟ์เอบีซี]

    หัวเรื่อง [ภาษอังกฤษ--การใช้ภาษา]

BibComment


ยังไม่เคยถูกคอมเมนท์

คอมเมนท์ทรัพยากรรายการนี้
  คอมเมนท์: ภาษาอังกฤษเพื่อก..


 Copyright 2026. Bcnsprnw @Library